01146cam a2200253 a 45000010009000000050017000090080041000260100017000670200018000840200015001020350024001170350021001410400037001620500023001990820018002221000021002402450057002612500012003182600061003303000045003915050340004366500033007768560083008091534655320221111103058.0080627s2009 njua 001 0 eng  a 2008028930 a9780136009269 a0136009263 a(OCoLC)ocn232922076 a(OCoLC)232922076 aDLCcDLCdYDXdBAKERdYDXCPdDLC00aQA184.2b.B73 200900a512.5,BRE2221 aBretscher, Otto.10aLinear algebra with applications / cOtto Bretscher. a4th ed. aUpper Saddle River, NJ :bPearson Prentice Hall,cc2009. axv, 478 p. :bill. (some col.) ;c27 cm. aLiear Equations (Page-1), Linear Transformations (Page-40), Subspaces of R and Their Dimensions (Page-101), Linear Spaces (Page-153), Orthogonality and Least Squares (Page-187), Determinants (Page-249), Eigenvalues and Eigenvectors (Page-294), Symmetric Matrices and Quadratic Forms (Page-367), Linear Differntial Equations (Page-397). 0aAlgebras, LinearvTextbooks.413Table of contents onlyuhttp://www.loc.gov/catdir/toc/ecip0822/2008028930.html